| 000 | 00719cac a22002171u 4500 | ||
|---|---|---|---|
| 008 | 081108s2001 ii i |r|||| 001 0 eng d | ||
| 010 | _a88012153 | ||
| 020 | _a0135986249 | ||
| 020 | _a8120310519 | ||
| 020 | _a9788120310513 | ||
| 082 | 0 | 0 |
_a004.21 _bYOU _222 |
| 100 |
_aYourdon, Edward. _918023 |
||
| 245 | 1 | 0 |
_aModern structured analysis / _cEdward Yourdon. |
| 260 |
_aNew Delhi : _bPrentice Hall of India, _cc2001. |
||
| 300 |
_ax, 672 p. : _bill. ; _c25 cm. |
||
| 440 | 0 |
_aYourdon Press computing series _918024 |
|
| 504 | _aIncludes bibliographies and index. | ||
| 650 | 0 |
_aElectronic data processing _xStructured techniques. _918025 |
|
| 650 | 0 |
_aSystem analysis. _918026 |
|
| 942 |
_cBB _k004.21YOU _2ddc |
||
| 999 |
_c694 _d694 |
||